书目信息 |
| 题名: |
上海住宅建筑节能技术与管理
|
|
| 作者: | 王文忠 , 王宝海 主编 | |
| 分册: | ||
| 出版信息: | 上海 同济大学出版社 2004.03 |
|
| 页数: | 365页 | |
| 开本: | 20cm | |
| 丛书名: | ||
| 单 册: | ||
| 中图分类: | TU111.19 | |
| 科图分类: | ||
| 主题词: | 居住建筑--节能--建筑设计--上海市 | |
| 电子资源: | ||
| ISBN: | 7-5608-2827-2 | |
| 000 | 00873nam0 2200241 450 | |
| 001 | 0155650330 | |
| 005 | 20050624090626.18 | |
| 010 | @a7-5608-2827-2@dCNY30.00 | |
| 100 | @a20050309d2004 km y0chiy0120 ea | |
| 101 | 0 | @achi |
| 102 | @aCN@b310000 | |
| 105 | @aa a 000yy | |
| 200 | 1 | @a上海住宅建筑节能技术与管理@Ashang hai zhu zhai jian zhu jie neng ji shu yu guan li@f王文忠, 王宝海主编@Fwang wen zhong,wang bao hai zhu bian |
| 210 | @a上海@c同济大学出版社@d2004.03 | |
| 215 | @a365页@c图@d20cm | |
| 320 | @a有书目。 | |
| 330 | @a本书从建筑节能技术基本知识入手,讲述了住宅建筑节能的设计、技术等科技,并介绍其技术应用实际,及其相关管理等。 | |
| 606 | 0 | @a居住建筑@x节能@x建筑设计@y上海市 |
| 690 | @aTU111.19@v4 | |
| 701 | 0 | @a王文忠@Awang wen zhong@4主编 |
| 701 | 0 | @a王宝海@Awang bao hai@4主编 |
| 801 | 0 | @aCN@bRULIN@c20050624 |
| 905 | @a10447@dTU111.19@eW379 | |
| 上海住宅建筑节能技术与管理/王文忠, 王宝海主编.-上海:同济大学出版社,2004.03 |
| 365页:图;20cm |
| ISBN 7-5608-2827-2:CNY30.00 |
| 本书从建筑节能技术基本知识入手,讲述了住宅建筑节能的设计、技术等科技,并介绍其技术应用实际,及其相关管理等。 |
| ● |
| 相关链接 |
|
|
|
正题名:上海住宅建筑节能技术与管理
索取号:TU111.19/W379
 
预约/预借
| 序号 | 登录号 | 条形码 | 馆藏地/架位号 | 状态 | 备注 |
| 1 | 521330 | 205213302 | 建筑库101/101建筑库 24排2列1层/ [索取号:TU111.19/W379] | 在馆 | |
| 2 | 521331 | 205213311 | 建筑库101/101建筑库 24排2列1层/ [索取号:TU111.19/W379] | 在馆 | |
| 3 | 521332 | 205213320 | 建筑库101/101建筑库 24排2列1层/ [索取号:TU111.19/W379] | 在馆 |